| 000 | 00592nam a22001937a 4500 | ||
|---|---|---|---|
| 003 | 0 | ||
| 005 | 20250918081938.0 | ||
| 008 | 250918b xxu||||| |||| 00| 0 eng d | ||
| 020 | _a978-1-119-98369-9 | ||
| 050 |
_aQA 76.73.R3 _b.S38 2023 |
||
| 100 |
_aSchmuller, Joseph, _eauthor. |
||
| 245 |
_aR : _ball-in-one / _cJoseph Schmuller. |
||
| 260 |
_aHoboken, NJ : _bJohn Wiley & Sons, Inc., _c2023. |
||
| 300 |
_axvi, 668 pages : _billustrations ; _c24 cm. |
||
| 504 | _aIncludes index. | ||
| 650 | _aR (Computer program language). | ||
| 650 |
_aStatistics _xData processing. |
||
| 942 |
_2lcc _cBK |
||
| 999 |
_c368028 _d368028 |
||